Potreba novej vodnej paradigmy pre integrovaný manažment vodných zdrojov
Podstata a potreba paradigmy. Formulácia novej vodnej paradigmy Dôsledky povodní. Aplikácia stratégie a novej vodnej paradigmy na národnej úrovni a na medzinárodnej úrovni.
Saved in:
| Main Author: | |
|---|---|
| Format: | Book Chapter |
| Language: | Slovak |
| Subjects: | |
| Tags: |
No Tags, Be the first to tag this record!
|
MARC
| LEADER | 00000naa$a2200000$$$4500 | ||
|---|---|---|---|
| 001 | 0069051 | ||
| 005 | 20231011093654.4 | ||
| 041 | 0 | |a slo | |
| 044 | |a SK | ||
| 245 | 1 | 0 | |a Potreba novej vodnej paradigmy pre integrovaný manažment vodných zdrojov |c Martin Kováč |
| 520 | |a Podstata a potreba paradigmy. Formulácia novej vodnej paradigmy Dôsledky povodní. Aplikácia stratégie a novej vodnej paradigmy na národnej úrovni a na medzinárodnej úrovni. | ||
| 610 | 2 | 0 | |a paradigma |
| 610 | 2 | 0 | |a manažment |
| 610 | 2 | 0 | |a zdroje vodné |
| 610 | 2 | 0 | |a zmeny klimatické |
| 100 | 1 | |a Kováč, Martin | |